000
00296nam a2200121Ia 4500
008
220216s9999 xx 000 0 und d
245
0
_a
Foreign exchange clones : Eighth report
260
_b
Planters Bulletin
_c
1975
300
_a
99-119
650
_a
Wind damage
650
_a
Yield
942
_c
JS
999
_c
59524
_d
59524